The promise of restoration / (Record no. 1328)

MARC details
000 -LEADER
fixed length control field 00861cam a2200265 a 4500
001 - CONTROL NUMBER
control field 582165
003 - CONTROL NUMBER IDENTIFIER
control field GBCCL
005 - DATE AND TIME OF LATEST TRANSACTION
control field 20241126110359.0
008 - FIXED-LENGTH DATA ELEMENTS--GENERAL INFORMATION
fixed length control field 900614s1990 caua 000 0 eng
010 ## -
-- 90041698
020 ## - INTERNATIONAL STANDARD BOOK NUMBER
International Standard Book Number 0898402891 (pbk.)
040 ## - CATALOGING SOURCE
Original cataloging agency DLC
Transcribing agency DLC
Modifying agency DLC
050 00 -
-- BV4596.A25
-- L57 1990
082 00 - DEWEY DECIMAL CLASSIFICATION NUMBER
Classification number 248.86
Edition information 20
Item number LIT
100 1# - MAIN ENTRY--PERSONAL NAME
Personal name Littauer, Fred.
9 (RLIN) 2598
245 14 - TITLE STATEMENT
Title The promise of restoration /
Statement of responsibility, etc. Fred Littauer.
260 ## - PUBLICATION, DISTRIBUTION, ETC.
Place of publication, distribution, etc. San Bernardino, CA :
Name of publisher, distributor, etc. Here's Life Publishers,
Date of publication, distribution, etc. c1990.
300 ## - PHYSICAL DESCRIPTION
Extent 295 p. :
Other physical details ill. ;
Dimensions 21 cm.
650 #0 - SUBJECT ADDED ENTRY--TOPICAL TERM
Topical term or geographic name entry element Adult child abuse victims
General subdivision Religious life.
9 (RLIN) 2599
650 #0 - SUBJECT ADDED ENTRY--TOPICAL TERM
Topical term or geographic name entry element Christian life.
9 (RLIN) 183
650 #0 - SUBJECT ADDED ENTRY--TOPICAL TERM
Topical term or geographic name entry element Consolation.
9 (RLIN) 348
906 ## - LOCAL DATA ELEMENT F, LDF (RLIN)
a 7
b cbc
c orignew
d 1
e ocip
f 19
g y-gencatlg
942 ## - ADDED ENTRY ELEMENTS (KOHA)
Source of classification or shelving scheme Dewey Decimal Classification
Koha item type Books
Koha issues (borrowed), all copies 1
Holdings
Withdrawn status Lost status Source of classification or shelving scheme Damaged status Not for loan Home library Current Library Shelving location Date acquired Total checkouts Full call number Barcode Date last seen Date last checked out Copy number Price effective from Koha item type
    Dewey Decimal Classification     GRACE BIBLE COLLEGE GRACE BIBLE COLLEGE Ministry & Mission 2017-04-26 1 248.86 LIT 006437 2025-05-01 2018-02-27 c.1 2017-04-26 Books
© Grace Bible College Library 2025